000 01365nam a22003497a 4500
001 18328
003 CO-MdFUSB
005 20190202100544.0
008 170523t2012 s ||||| |||| 00| 0 s d
020 _a978-84-220-161-1
040 _aCO-MdFUSB
_bspa
_cCO-MdFUSB
_dCO-MdFUSBC
_erda
041 _aspa
082 0 4 _aG 220.64 M4738r
100 1 _aMayoral, Juan Antonio
_eautor
245 4 _aLos rostros de Dios en la biblia
_c / Juan Antonio Mayoral.
264 4 _aMadrid :
_bBiblioteca de Autores Cristianos,
_c©2012
300 _a230 p.
336 _2rdacontent
_a1
_ba1
337 _2rdamedia
_a2
_b5
338 _2rdacarrier
_a2
_b5
501 _aRústico
505 0 0 _aAdán y Eva, imagen y semejanza del Creador -- Abrahán y Sara, bendecidos por el Dios protector -- Moisés y el don de la ley -- Noemí, Rut, Ana y el amparo de Dios -- David, de pastor a rey -- Elías, el profeta del Dios único -- Oseas, un marido despechado -- Sombras y luces en tiempo del exilio -- Jonás y el ricino -- Job y el sufrimiento del hombre -- Jesús y el rostro trinitario de Dios.
650 7 _aHermenéutica
_9418
650 0 _aBiblia
_916
650 7 _aDios
_xEnseñanza bíblica
_2
_9323
650 7 _aDios
_2
_9178
650 7 _aReligión
_9385
650 0 _aBiblia
_916
653 _aBiblia - Comentarios
653 _aHermenéutica bíblica
942 _cBK
999 _c44777
_d44777